ATA karnet a možnosti jeho využitia

ATA karnet, medzinárodne uznávaný unifikovaný colný doklad, umožňuje zrýchliť a zjednodušiť colné formality spojené s dovozom či vývozom tovaru na dočasné použitie pre širokú škálu obchodných tovarov. Výrazný pokles vydaných ATA karnetov po vstupe SR do EÚ. Ďalšie perspektívy fungovania ATA karnetu....

Description complète

Enregistré dans:
Détails bibliographiques
Auteur principal: Knopp, Juraj
Format: Chapitre de livre
Langue:slovaque
Sujets:
Tags: Ajouter un tag
Pas de tags, Soyez le premier à ajouter un tag!

MARC

LEADER 00000naa$a2200000$$$4500
001 0028751
005 20231006120642.7
041 0 |a slo 
044 |a SK 
245 1 0 |a ATA karnet a možnosti jeho využitia  |c Juraj Knopp 
520 |a ATA karnet, medzinárodne uznávaný unifikovaný colný doklad, umožňuje zrýchliť a zjednodušiť colné formality spojené s dovozom či vývozom tovaru na dočasné použitie pre širokú škálu obchodných tovarov. Výrazný pokles vydaných ATA karnetov po vstupe SR do EÚ. Ďalšie perspektívy fungovania ATA karnetu. Nový model ATA karnetu, ktorý sa začal uplatňovať od 18. 12. 2004 vo všetkých členských štátoch dohovoru o dočasnom dovoze tovaru na karnet ATA. Zmena formátu. Informácie o podmienkach na vydanie karnetu a odpovede na najčastejšie otázky možno nájsť na www.sopk.sk. 
610 2 0 |a obchod medzinárodný 
610 2 0 |a politika colná 
610 2 0 |a karnety ATA 
610 2 0 |a Slovensko 
610 2 0 |a dovoz 
610 2 0 |a vývoz 
100 1 |a Knopp, Juraj